[Event "2BLO 1920 SC NT Nürnberg - SC Garching"]
[Site "?"]
[Date "2021.08.08"]
[Round "10.1"]
[White "Stocek, Jiri"]
[Black "Milov, Leonid"]
[Result "1/2-1/2"]
[WhiteElo "2604"]
[BlackElo "2457"]
[PlyCount "173"]
[EventDate "2021.??.??"]

1. c4 c6 2. Nf3 d5 3. d4 Nf6 4. Qb3 dxc4 5. Qxc4 Bg4 6. Nc3 Nbd7 7. Bd2 Bf5 8.
e3 e6 9. Rc1 h6 10. Be2 Bd6 11. O-O O-O 12. Rfd1 Qe7 13. Qb3 Rab8 14. Be1 e5
15. dxe5 Nxe5 16. g3 Nxf3+ 17. Bxf3 Rfd8 18. Qa4 a6 19. Ne2 Be4 20. Bxe4 Nxe4
21. Kg2 Bc7 22. Qc4 Nf6 23. Bb4 Qe5 24. Bc3 Qe4+ 25. Qxe4 Nxe4 26. Bd4 Rd7 27.
f3 Ng5 28. Bc3 Rbd8 29. Rxd7 Rxd7 30. Nd4 Ne6 31. Nxe6 fxe6 32. Kf2 Kf7 33. Ke2
Bd8 34. Be1 Bf6 35. b3 h5 36. Rc4 Rd5 37. Bf2 Rd7 38. e4 Be7 39. f4 Rd8 40. Bb6
Rd7 41. a4 Bf6 42. Be3 Be7 43. h3 Rd8 44. Bb6 Rd7 45. g4 hxg4 46. hxg4 Bf6 47.
g5 Be7 48. Be3 Rd8 49. Rc1 Rh8 50. Rd1 Rh2+ 51. Kf3 Rh3+ 52. Kf2 Rh2+ 53. Kg3
Rb2 54. Rd3 g6 55. Bd4 Rb1 56. Be5 Ke8 57. Bf6 Rg1+ 58. Kf2 Rh1 59. Kg2 Re1 60.
e5 Re2+ 61. Kf3 Rh2 62. Kg3 Rb2 63. Bxe7 Kxe7 64. Kf3 b5 65. axb5 axb5 66. Ke4
c5 67. Rh3 Re2+ 68. Kd3 Rf2 69. Rh7+ Kf8 70. Ke4 Rd2 71. Rc7 Rd4+ 72. Ke3 Rb4
73. Rxc5 Rxb3+ 74. Kd4 Rb4+ 75. Ke3 Rb3+ 76. Ke4 Rb4+ 77. Ke3 Rb3+ 78. Kd2 Rb4
79. Rc8+ Kf7 80. Rc7+ Kf8 81. Ke3 Rb3+ 82. Kd4 Rb4+ 83. Ke3 Rb3+ 84. Ke4 Rb4+
85. Kf3 Rb3+ 86. Ke4 Rb4+ 87. Ke3 1/2-1/2

[Event "2BLO 1920 SC NT Nürnberg - SC Garching"]
[Site "?"]
[Date "2021.08.08"]
[Round "10.2"]
[White "Yelisieiev, Yevhenii"]
[Black "Loetscher, Roland"]
[Result "1-0"]
[WhiteElo "2407"]
[BlackElo "2404"]
[PlyCount "87"]
[EventDate "2021.??.??"]

1. d4 d5 2. Nf3 Nf6 3. c4 c6 4. Nc3 g6 5. Bf4 dxc4 6. a4 Nd5 7. Be5 f6 8. Bg3
Qa5 9. Qd2 Be6 10. e4 Nxc3 11. Be2 Nd7 12. bxc3 Bh6 13. Qb2 Nb6 14. O-O O-O 15.
Rfb1 f5 16. exf5 Bxf5 17. Qb4 Qxb4 18. Rxb4 Bd3 19. Bxd3 cxd3 20. Rd1 Nd5 21.
Rxb7 Nxc3 22. Rxd3 Nxa4 23. h4 Bg7 24. Be5 Bf6 25. g4 Nb6 26. g5 Bxe5 27. Nxe5
Nd5 28. Nxc6 Rf4 29. Rd7 Rc8 30. Nxe7+ Nxe7 31. Rxe7 Rc1+ 32. Kg2 Rc2 33. Rxa7
Rfxf2+ 34. Kg3 Rg2+ 35. Kf4 Rcf2+ 36. Ke5 Re2+ 37. Kd6 Re4 38. d5 Rxh4 39. Ra8+
Kg7 40. Ra7+ Kg8 41. Ra8+ Kg7 42. Rc3 Rf2 43. Rc7+ Rf7 44. Rcc8 1-0

[Event "2BLO 1920 SC NT Nürnberg - SC Garching"]
[Site "?"]
[Date "2021.08.08"]
[Round "10.3"]
[White "Hess, Max"]
[Black "Mischustov, Michael"]
[Result "1-0"]
[WhiteElo "2413"]
[BlackElo "2331"]
[PlyCount "105"]
[EventDate "2021.??.??"]

1. e4 e6 2. d4 d5 3. Nd2 Nf6 4. e5 Nfd7 5. Bd3 c5 6. c3 b6 7. Nh3 Ba6 8. Bxa6
Nxa6 9. O-O cxd4 10. cxd4 Be7 11. Qg4 O-O 12. Nf3 Kh8 13. Qh5 Qe8 14. Nf4 Rc8
15. Bd2 Rc6 16. Rac1 Ndb8 17. a3 Qd7 18. h4 Kg8 19. Qg4 f5 20. exf6 Bxf6 21.
Rfe1 Nc7 22. Nh5 Rxc1 23. Bxc1 Nc6 24. Bf4 Kh8 25. Bxc7 Qxc7 26. Nxf6 Rxf6 27.
Rxe6 Rf8 28. Qf5 Qd8 29. Qc2 Ne7 30. Ng5 Nf5 31. Re5 g6 32. Ne6 Qc8 33. Qxc8
Rxc8 34. Rxd5 Nxh4 35. Rd7 h6 36. g3 Rc1+ 37. Kh2 Nf3+ 38. Kg2 Ne1+ 39. Kf1
Nd3+ 40. Ke2 Nxb2 41. Rxa7 Rc6 42. d5 Rd6 43. Nf4 Kg8 44. Ke3 g5 45. Nh5 Kf8
46. Kd4 Ke8 47. Ng7+ Kd8 48. Nf5 Rg6 49. d6 Rf6 50. Ke5 Rg6 51. Kd5 Nd3 52. Nd4
Nc5 53. Re7 1-0

[Event "2BLO 1920 SC NT Nürnberg - SC Garching"]
[Site "?"]
[Date "2021.08.08"]
[Round "10.4"]
[White "Kirchner, Thomas"]
[Black "Renner, Christoph"]
[Result "1-0"]
[WhiteElo "2299"]
[BlackElo "2313"]
[PlyCount "83"]
[EventDate "2021.??.??"]

1. e4 c6 2. d4 d5 3. exd5 cxd5 4. c4 Nf6 5. Nc3 Nc6 6. Nf3 Be6 7. c5 g6 8. Bb5
Bg7 9. Ne5 Bd7 10. Nxd7 Qxd7 11. O-O O-O 12. Re1 Rfe8 13. h3 a6 14. Ba4 Rad8
15. Be3 Qc7 16. Rc1 e5 17. Bxc6 bxc6 18. Qa4 Nd7 19. Rcd1 Qb7 20. Re2 exd4 21.
Bxd4 Bxd4 22. Qxd4 Rxe2 23. Nxe2 Qb5 24. Nf4 Re8 25. Nd3 Re4 26. Qc3 Rc4 27.
Qe1 Re4 28. Qc3 Qa4 29. b3 Qxa2 30. Ra1 Qe2 31. Rxa6 d4 32. Qc4 Qd1+ 33. Kh2
Ne5 34. Nxe5 Rxe5 35. Rxc6 Qd2 36. Rf6 Re7 37. Rf3 Rc7 38. b4 h5 39. b5 Qg5 40.
c6 Qe5+ 41. g3 Qe4 42. Rf4 1-0

[Event "2BLO 1920 SC NT Nürnberg - SC Garching"]
[Site "?"]
[Date "2021.08.08"]
[Round "10.5"]
[White "Koepke, Christian"]
[Black "Heimrath, Reiner"]
[Result "1-0"]
[WhiteElo "2340"]
[BlackElo "2170"]
[PlyCount "75"]
[EventDate "2021.??.??"]

1. e4 g6 2. d4 Bg7 3. Nc3 d6 4. Be3 a6 5. Qd2 b5 6. O-O-O Bb7 7. f3 Nd7 8. h4
h5 9. Nh3 e6 10. Ng5 Ngf6 11. Kb1 Nb6 12. Bd3 Qe7 13. Rhg1 Rc8 14. g4 hxg4 15.
fxg4 b4 16. Ne2 Rxh4 17. Rdf1 Nbd7 18. Qxb4 Rb8 19. Qe1 Rh8 20. Nxf7 Qxf7 21.
g5 Nxe4 22. Rxf7 Kxf7 23. Nf4 c5 24. Rf1 cxd4 25. Bc1 Ndc5 26. Nd5+ Ke8 27.
Bxe4 exd5 28. Bxd5+ Be5 29. Bf7+ Kd7 30. Bxg6 Bg2 31. Rg1 Bd5 32. Bf5+ Kc6 33.
Bd3 Bh2 34. Rf1 Bg2 35. Rf5 Be5 36. Rxe5 dxe5 37. Qxe5 Rh1 38. Qxb8 1-0

[Event "2BLO 1920 SC NT Nürnberg - SC Garching"]
[Site "?"]
[Date "2021.08.08"]
[Round "10.6"]
[White "Tran, Phat"]
[Black "Koepke, Elena"]
[Result "1-0"]
[WhiteElo "2333"]
[BlackElo "2277"]
[PlyCount "133"]
[EventDate "2021.??.??"]

1. d4 Nf6 2. Nf3 e6 3. c4 b6 4. g3 d5 5. Bg2 c6 6. Nc3 Be7 7. O-O O-O 8. Qa4
Bb7 9. Rd1 a6 10. Qb3 Nbd7 11. cxd5 cxd5 12. a4 Rc8 13. Bf4 Ne4 14. Rac1 Nd6
15. Ne5 Nxe5 16. dxe5 Nc4 17. h4 Na5 18. Qa2 Qe8 19. e4 d4 20. Rxd4 Bc5 21. Rd3
Nc6 22. Qb3 Nb4 23. Rd2 Rd8 24. Rcd1 Rxd2 25. Rxd2 Bc6 26. Qd1 h6 27. Kh2 Kh7
28. b3 g6 29. Qf3 f6 30. exf6 Rxf6 31. Qe2 Rf7 32. Be3 Qf8 33. Na2 Nxa2 34.
Rxa2 e5 35. Rc2 Bb7 36. Bxc5 bxc5 37. Qe3 Rc7 38. Bf1 Qd6 39. Rd2 Qf6 40. Bc4
Bc8 41. Rd5 Qe7 42. Qc3 Qf6 43. Kg1 Re7 44. Rxc5 Bg4 45. Bd5 g5 46. hxg5 hxg5
47. Rc7 Bd7 48. Qc5 Rg7 49. Bc6 Bh3 50. Rxg7+ Kxg7 51. Qc3 Kh6 52. Bd5 Bd7 53.
Qc4 Be8 54. Qc8 Bg6 55. b4 g4 56. Qxg4 Qd6 57. b5 axb5 58. axb5 Qb4 59. Bc6 Qc3
60. Kg2 Qd4 61. Qh4+ Kg7 62. Qg5 Kh7 63. Qe3 Qc4 64. Qa7+ Kh6 65. Qb6 Qe6 66.
Qe3+ Kg7 67. Bd5 1-0

[Event "2BLO 1920 SC NT Nürnberg - SC Garching"]
[Site "?"]
[Date "2021.08.08"]
[Round "10.7"]
[White "Rusche, Johannes"]
[Black "Epding, Olaf"]
[Result "1-0"]
[WhiteElo "2309"]
[BlackElo "2186"]
[PlyCount "55"]
[EventDate "2021.??.??"]

1. e4 e6 2. d4 d5 3. Nd2 Nf6 4. e5 Nfd7 5. Bd3 c5 6. c3 Nc6 7. Ngf3 Qb6 8. O-O
cxd4 9. cxd4 Nxd4 10. Nxd4 Qxd4 11. Nf3 Qb6 12. Qa4 Qb4 13. Qc2 Qb6 14. Qa4 Qb4
15. Qc2 Qb6 16. Bxh7 Nc5 17. Be3 Bd7 18. Rac1 Rc8 19. Qb1 a5 20. Rc3 Qd8 21.
Rfc1 b6 22. Ng5 Rxh7 23. Nxh7 Be7 24. Bd4 Ne4 25. Rxc8 Bxc8 26. Qd3 Bd7 27. Qe3
Nc5 28. Qg3 1-0

[Event "2BLO 1920 SC NT Nürnberg - SC Garching"]
[Site "?"]
[Date "2021.08.08"]
[Round "10.8"]
[White "Petrashov, Alexander"]
[Black "Schmitz, Thorsten"]
[Result "1-0"]
[WhiteElo "1996"]
[BlackElo "2271"]
[PlyCount "49"]
[EventDate "2021.??.??"]

1. d4 d6 2. e4 Nf6 3. Bd3 e5 4. Ne2 exd4 5. Nxd4 g6 6. Nc3 Bg7 7. O-O O-O 8.
Bg5 h6 9. Bh4 Nbd7 10. f4 c6 11. Kh1 Qb6 12. Nb3 Qc7 13. Qe2 Nb6 14. Rae1 Bd7
15. e5 dxe5 16. fxe5 Nh7 17. e6 Bxe6 18. Bxg6 Rae8 19. Bd3 Qc8 20. Qf3 Nd5 21.
Ne4 Bg4 22. Qf2 Nb4 23. Bc4 Qc7 24. Bg3 Qe7 25. Bd6 1-0

[Event "2BLO 1920 SK Passau - SV Deggendorf"]
[Site "?"]
[Date "2021.08.08"]
[Round "10.1"]
[White "Sedlak, Nikola"]
[Black "Diermair, Andreas"]
[Result "1/2-1/2"]
[WhiteElo "2499"]
[BlackElo "2476"]
[PlyCount "56"]
[EventDate "2021.??.??"]

1. Nf3 d5 2. d4 Nf6 3. e3 e6 4. Bd3 c5 5. c3 Nc6 6. Nbd2 Bd6 7. O-O O-O 8. dxc5
Bxc5 9. b4 Bd6 10. Bb2 a6 11. a4 Bd7 12. b5 axb5 13. axb5 Na5 14. c4 Qe7 15.
cxd5 exd5 16. Qb1 h6 17. Re1 Be6 18. e4 Nxe4 19. Nxe4 dxe4 20. Bxe4 Bc5 21.
Bh7+ Kh8 22. Ra4 Nb3 23. Rae4 Rad8 24. Bc3 Qc7 25. Be5 Qb6 26. R4e2 Nd4 27.
Nxd4 Bxd4 28. Bxd4 Rxd4 1/2-1/2

[Event "2BLO 1920 SK Passau - SV Deggendorf"]
[Site "?"]
[Date "2021.08.08"]
[Round "10.2"]
[White "Schmidt, Peter"]
[Black "Delchev, Aleksander"]
[Result "1/2-1/2"]
[WhiteElo "2400"]
[BlackElo "2501"]
[PlyCount "109"]
[EventDate "2021.??.??"]

1. Nf3 c5 2. b3 d5 3. e3 Nf6 4. Bb2 Nc6 5. Bb5 Bd7 6. c4 a6 7. Bxc6 Bxc6 8. Ne5
Rc8 9. O-O e6 10. d3 Be7 11. Nd2 O-O 12. f4 b5 13. Qf3 Ba8 14. Qg3 Ne8 15. Rad1
Bf6 16. Ndf3 Nd6 17. Qf2 bxc4 18. bxc4 dxc4 19. Nxc4 Bxb2 20. Qxb2 Bxf3 21.
gxf3 Rb8 22. Qc3 Nxc4 23. dxc4 Qe7 24. Qe5 Rb4 25. Kh1 Re8 26. Qe4 g6 27. Rd2
Rd8 28. Rfd1 Rxd2 29. Rxd2 Qf6 30. Kg2 Kg7 31. Rc2 a5 32. Qe5 Qxe5 33. fxe5 g5
34. f4 gxf4 35. exf4 Kg6 36. Kf3 Kf5 37. Rg2 f6 38. exf6 Kxf6 39. Rg8 Rxc4 40.
Rf8+ Kg7 41. Re8 Kf7 42. Rh8 Rc2 43. Rxh7+ Kg6 44. Rc7 Rxh2 45. Rc6 Kf6 46. f5
Kxf5 47. Rxc5+ e5 48. Rxa5 Rh3+ 49. Kg2 Rd3 50. Rb5 Kf4 51. Kf2 Rd2+ 52. Ke1
Rxa2 53. Rb4+ e4 54. Rb3 e3 55. Rb8 1/2-1/2

[Event "2BLO 1920 SK Passau - SV Deggendorf"]
[Site "?"]
[Date "2021.08.08"]
[Round "10.3"]
[White "Bogosavljevic, Boban"]
[Black "Schwabeneder, Florian"]
[Result "1-0"]
[WhiteElo "2516"]
[BlackElo "2440"]
[PlyCount "73"]
[EventDate "2021.??.??"]

1. Nf3 Nf6 2. g3 g6 3. b3 Bg7 4. Bb2 d6 5. d4 b5 6. Bg2 Bb7 7. O-O O-O 8. Nbd2
Nbd7 9. c4 bxc4 10. Nxc4 a5 11. Rc1 c5 12. dxc5 Nxc5 13. Bd4 Ncd7 14. Qd2 Ra6
15. Rfd1 Qa8 16. Qe3 Re8 17. Ba1 Nd5 18. Qd2 N5f6 19. Bh3 d5 20. Nce5 Nxe5 21.
Bxe5 Ne4 22. Qe3 f6 23. Bb2 e5 24. Rc7 Bf8 25. Rdc1 d4 26. Qd3 Rc6 27. Qb5
Rxc1+ 28. Bxc1 Ba6 29. Qb6 Bxe2 30. Nd2 Ng5 31. Bg2 Qa6 32. Qxa6 Bxa6 33. Bd5+
Kh8 34. h4 Nh3+ 35. Kg2 Bc8 36. Ne4 Bg7 37. Nd6 1-0

[Event "2BLO 1920 SK Passau - SV Deggendorf"]
[Site "?"]
[Date "2021.08.08"]
[Round "10.4"]
[White "Leisch, Lukas"]
[Black "Stojanovic, Dalibor"]
[Result "1/2-1/2"]
[WhiteElo "2401"]
[BlackElo "2481"]
[PlyCount "54"]
[EventDate "2021.??.??"]

1. c4 Nf6 2. g3 g6 3. Bg2 Bg7 4. Nc3 O-O 5. d3 d6 6. Rb1 Nc6 7. b4 e5 8. e3 Bg4
9. Nge2 Rb8 10. Qa4 Nd7 11. h3 Bf5 12. Qc2 a5 13. a3 axb4 14. axb4 Nf6 15. O-O
Be6 16. e4 Nh5 17. b5 Ne7 18. g4 Nf6 19. f4 exf4 20. Nxf4 Nd7 21. Nce2 Nb6 22.
Bb2 Bxb2 23. Qxb2 Nec8 24. Ng3 Nd7 25. Qc3 Ncb6 26. Nf5 Bxf5 27. exf5 Ne5
1/2-1/2

[Event "2BLO 1920 SK Passau - SV Deggendorf"]
[Site "?"]
[Date "2021.08.08"]
[Round "10.5"]
[White "Popovic, Dusan"]
[Black "Wisnet, Dominic"]
[Result "1/2-1/2"]
[WhiteElo "2481"]
[BlackElo "2304"]
[PlyCount "45"]
[EventDate "2021.??.??"]

1. e4 e5 2. Nf3 Nc6 3. Bb5 Nf6 4. O-O Nxe4 5. Re1 Nd6 6. Nxe5 Be7 7. Bf1 O-O 8.
d4 Ne8 9. Nc3 Nf6 10. Bg5 d6 11. Nxc6 bxc6 12. Qf3 Bd7 13. Bd3 Re8 14. h3 Nd5
15. Nxd5 Bxg5 16. Rxe8+ Bxe8 17. Nxc7 Qxc7 18. Qf5 Bd2 19. Qxh7+ Kf8 20. Qh8+
Ke7 21. Qxg7 Qa5 22. h4 Qh5 23. g3 1/2-1/2

[Event "2BLO 1920 SK Passau - SV Deggendorf"]
[Site "?"]
[Date "2021.08.08"]
[Round "10.6"]
[White "Weiss, Christian"]
[Black "Krstic, Petar"]
[Result "1-0"]
[WhiteElo "2363"]
[BlackElo "2316"]
[PlyCount "77"]
[EventDate "2021.??.??"]

1. d4 d5 2. Nf3 Nf6 3. c4 c6 4. Qc2 dxc4 5. Qxc4 Bg4 6. Nbd2 Nbd7 7. e3 e6 8.
Be2 Bd6 9. h3 Bxf3 10. Nxf3 O-O 11. O-O Qe7 12. Qb3 Rab8 13. Rd1 e5 14. dxe5
Nxe5 15. Nd4 g6 16. Bd2 a6 17. Rac1 c5 18. Nf3 Nc6 19. Qc2 b5 20. b3 Ne4 21.
Be1 f5 22. a4 Rfc8 23. axb5 axb5 24. Bxb5 Kg7 25. Bd3 Nb4 26. Qb2+ Kh6 27. Bc4
g5 28. Ra1 g4 29. Ra7 Bc7 30. Bxb4 gxf3 31. Ra6+ Kh5 32. g4+ fxg4 33. Rd5+ Ng5
34. Bxc5 Qe4 35. Rxg5+ Kxg5 36. Qg7+ Qg6 37. Rxg6+ hxg6 38. h4+ Kf5 39. Qf7+
1-0

[Event "2BLO 1920 SK Passau - SV Deggendorf"]
[Site "?"]
[Date "2021.08.08"]
[Round "10.7"]
[White "Bielmeier, Ludwig"]
[Black "Testor, Sebastian"]
[Result "1/2-1/2"]
[WhiteElo "2019"]
[BlackElo "2327"]
[PlyCount "71"]
[EventDate "2021.??.??"]

1. Nf3 Nf6 2. c4 e6 3. g3 d5 4. Bg2 Be7 5. O-O O-O 6. b3 b6 7. Bb2 Bb7 8. cxd5
exd5 9. d3 Nbd7 10. Nbd2 Re8 11. Rc1 Bd6 12. Re1 a6 13. Qc2 c5 14. Qb1 Rb8 15.
e4 d4 16. Bh3 g6 17. Rc2 Nh5 18. Nc4 Bc7 19. Bg2 b5 20. Ncd2 Ba5 21. a3 Ng7 22.
b4 Bb6 23. Rcc1 Ne6 24. Nb3 cxb4 25. axb4 Qe7 26. Nbxd4 Qxb4 27. Nxe6 Rxe6 28.
Ng5 Re7 29. Qa1 Qd2 30. Nh3 Qxd3 31. Bh8 f6 32. Bxf6 Rf7 33. Rcd1 Qc2 34. Rc1
Qb3 35. Rcd1 Qc2 36. Rc1 1/2-1/2

[Event "2BLO 1920 SK Passau - SV Deggendorf"]
[Site "?"]
[Date "2021.08.08"]
[Round "10.8"]
[White "Hellmayr, Alois"]
[Black "Krauss, Andreas"]
[Result "1-0"]
[WhiteElo "2211"]
[BlackElo "1918"]
[PlyCount "79"]
[EventDate "2021.??.??"]

1. Nf3 d5 2. g3 Nf6 3. Bg2 c5 4. O-O Nc6 5. d4 e6 6. c4 cxd4 7. cxd5 Qxd5 8.
Nxd4 Qd7 9. Nxc6 bxc6 10. Qa4 Bb7 11. Rd1 Qc8 12. Na3 Nd7 13. Nc4 Nb6 14. Qc2
Nxc4 15. Qxc4 Be7 16. Bf4 O-O 17. Rd2 c5 18. Rad1 Bxg2 19. Kxg2 Qb7+ 20. Kg1
Qb4 21. Qc2 Rad8 22. b3 Rxd2 23. Bxd2 Qb5 24. Be3 h6 25. Qc4 a6 26. Qxb5 axb5
27. Rd7 Bf6 28. Bxc5 Rc8 29. b4 Ra8 30. Rb7 Rxa2 31. e3 Bc3 32. Rxb5 f5 33. Rb7
e5 34. b5 e4 35. b6 Be1 36. Ra7 Rb2 37. Bd4 Rb1 38. Kg2 h5 39. b7 Kh7 40. Be5
1-0

[Event "2BLO 1920 Erfurter SK - MSA Zugzwang"]
[Site "?"]
[Date "2021.08.08"]
[Round "10.1"]
[White "Mons, Leon"]
[Black "Mihok, Oliver"]
[Result "1/2-1/2"]
[WhiteElo "2530"]
[BlackElo "2536"]
[PlyCount "33"]
[EventDate "2021.??.??"]

1. d4 d5 2. c4 c6 3. Nf3 Nf6 4. g3 Bf5 5. Nc3 e6 6. Qb3 Qb6 7. c5 Qc7 8. Bf4
Qc8 9. Nh4 Bg6 10. Nxg6 hxg6 11. Bg2 Nbd7 12. O-O Be7 13. Qc2 Nh5 14. Be3 Nhf6
15. Bf4 Nh5 16. Be3 Nhf6 17. Bf4 1/2-1/2

[Event "2BLO 1920 Erfurter SK - MSA Zugzwang"]
[Site "?"]
[Date "2021.08.08"]
[Round "10.2"]
[White "Braeuer, Franz"]
[Black "Kindermann, Stefan"]
[Result "1-0"]
[WhiteElo "2435"]
[BlackElo "2471"]
[PlyCount "65"]
[EventDate "2021.??.??"]

1. e4 d6 2. d4 Nf6 3. Nc3 g6 4. Be3 a6 5. f3 b5 6. Qd2 Nbd7 7. h4 Nb6 8. g4
Nfd7 9. d5 Bb7 10. Bd4 Rg8 11. a4 b4 12. Nd1 a5 13. Bb5 Qc8 14. Qf2 Rb8 15. Bc6
Kd8 16. Ne2 e5 17. Be3 Bxc6 18. dxc6 Nc5 19. Bxc5 dxc5 20. Ne3 Bd6 21. f4 exf4
22. Nxf4 Re8 23. O-O-O Rxe4 24. Rhf1 Rd4 25. Rxd4 cxd4 26. Ne2 Qe6 27. Nxd4 Qe4
28. Qf6+ Qe7 29. Qxf7 Qxe3+ 30. Kb1 Qxd4 31. Qg8+ Ke7 32. Rf7+ Ke6 33. Rf6+ 1-0

[Event "2BLO 1920 Erfurter SK - MSA Zugzwang"]
[Site "?"]
[Date "2021.08.08"]
[Round "10.3"]
[White "Hertneck, Gerald"]
[Black "Enders, Peter"]
[Result "1/2-1/2"]
[WhiteElo "2493"]
[BlackElo "2447"]
[PlyCount "230"]
[EventDate "2021.??.??"]

1. d4 Nf6 2. c4 g6 3. Nc3 Bg7 4. e4 d6 5. Nf3 O-O 6. Be2 Nbd7 7. O-O e5 8. Qc2
h6 9. Rd1 Nh7 10. dxe5 dxe5 11. c5 c6 12. b4 Qc7 13. Be3 Re8 14. Nd2 Ndf8 15.
Nc4 Ne6 16. Nd6 Rf8 17. Qd2 h5 18. Bc4 Nf6 19. Qb2 Qe7 20. f3 h4 21. Nxc8 Raxc8
22. Bxe6 fxe6 23. Bg5 h3 24. Rd6 hxg2 25. Qxg2 Qf7 26. Rad1 a5 27. a3 axb4 28.
axb4 Ra8 29. Qh3 Nh7 30. Bd2 Qxf3 31. Qxf3 Rxf3 32. Rxe6 Nf8 33. Rd6 Ra3 34.
Ne2 Rab3 35. Ra1 Rf7 36. Bc3 Bh6 37. Rd3 Re7 38. Rg3 Bf4 39. Nc1 Bxg3 40. Nxb3
Bf4 41. Ra8 Rh7 42. Na5 Bxh2+ 43. Kf1 Bf4 44. Rb8 Rh1+ 45. Ke2 g5 46. Rxb7 g4
47. Nxc6 Rh2+ 48. Kd3 Rh3+ 49. Kc4 g3 50. Nxe5 g2 51. Nf3 Ne6 52. Ng1 Rh1 53.
Ne2 Rc1 54. Re7 Bd2 55. Rxe6 Rxc3+ 56. Kb5 Kf7 57. Rd6 Rc2 58. Rd3 Be1 59. Ng1
Rb2 60. Re3 Rxb4+ 61. Kc6 Bh4 62. Re2 Be7 63. Nf3 Rb3 64. Rf2 Ke8 65. Ng1 Rg3
66. Kd5 Rc3 67. Rxg2 Rxc5+ 68. Kd4 Ra5 69. Nf3 Ra4+ 70. Ke3 Kf7 71. Rc2 Bd6 72.
e5 Bxe5 73. Nxe5+ Ke6 74. Nc4 Ra1 75. Ke4 Rh1 76. Re2 Rh4+ 77. Kd3+ Kf6 78. Nd6
Ra4 79. Nc4 Ra1 80. Kd4 Rd1+ 81. Nd2 Kf5 82. Rf2+ Ke6 83. Kc5 Ke5 84. Re2+ Kf5
85. Kd5 Kf4 86. Re4+ Kf5 87. Rd4 Ra1 88. Nc4 Ra8 89. Nd6+ Kf6 90. Rf4+ Kg5 91.
Rf1 Ra5+ 92. Kd4 Ra4+ 93. Nc4 Ra8 94. Kd5 Rd8+ 95. Nd6 Kg4 96. Ke5 Ra8 97. Rf4+
Kh3 98. Nf5 Ra5+ 99. Ke4 Ra4+ 100. Nd4 Ra8 101. Rf6 Kg2 102. Nc2 Re8+ 103. Kd3
Rd8+ 104. Ke2 Kg3 105. Ne3 Kh4 106. Rg6 Rf8 107. Rg1 Kh5 108. Kd3 Rf4 109. Nd5
Ra4 110. Ke3 Kh6 111. Kf3 Kh5 112. Nf6+ Kh6 113. Ne4 Kh5 114. Kf4 Kh6 115. Rg2
Kh5 1/2-1/2

[Event "2BLO 1920 Erfurter SK - MSA Zugzwang"]
[Site "?"]
[Date "2021.08.08"]
[Round "10.4"]
[White "Haba, Petr"]
[Black "Zysk, Robert"]
[Result "1-0"]
[WhiteElo "2444"]
[BlackElo "2391"]
[PlyCount "95"]
[EventDate "2021.??.??"]

1. d4 Nf6 2. c4 e6 3. g3 d5 4. Bg2 Bb4+ 5. Nd2 O-O 6. Ngf3 b6 7. O-O Bb7 8. Ne5
Nbd7 9. Ndf3 Be7 10. Qa4 Nxe5 11. Nxe5 Qe8 12. Qxe8 Rfxe8 13. Be3 Bd6 14. Rfc1
c5 15. cxd5 cxd4 16. Bxd4 Nxd5 17. Nc4 Bf8 18. a4 Rac8 19. a5 b5 20. Ne5 a6 21.
Nd3 Ba8 22. Bc5 Red8 23. Bxf8 Kxf8 24. Nc5 Rc6 25. b4 Rcd6 26. Bxd5 exd5 27.
Rd1 d4 28. Ra2 d3 29. Rxd3 Rxd3 30. exd3 Rd6 31. f4 h6 32. Re2 g5 33. fxg5 hxg5
34. Re5 g4 35. Rf5 Bf3 36. Rf4 Kg7 37. h4 Kg6 38. Kf2 Rd8 39. Ke3 Re8+ 40. Kd4
f5 41. Nxa6 Re2 42. Nc7 Rg2 43. a6 Rxg3 44. a7 Bb7 45. a8=Q Bxa8 46. Nxa8 Rh3
47. Nc7 Rxh4 48. Nd5 1-0

[Event "2BLO 1920 Erfurter SK - MSA Zugzwang"]
[Site "?"]
[Date "2021.08.08"]
[Round "10.5"]
[White "Bromberger, Stefan"]
[Black "Weishaeutel, Moritz"]
[Result "1-0"]
[WhiteElo "2482"]
[BlackElo "2270"]
[PlyCount "95"]
[EventDate "2021.??.??"]

1. d4 Nf6 2. c4 c5 3. d5 b5 4. cxb5 a6 5. bxa6 g6 6. Nc3 Bg7 7. e4 O-O 8. Nf3
Qa5 9. Nd2 Bxa6 10. Be2 d6 11. O-O Nfd7 12. Ndb1 Rc8 13. Re1 c4 14. Bg5 Qc7 15.
Na3 Qb7 16. Qd2 Ne5 17. Reb1 Qd7 18. Nc2 Qb7 19. Ne1 Re8 20. Be3 f5 21. exf5
gxf5 22. f4 Ng6 23. Nf3 Rf8 24. Ng5 Nd7 25. Ne6 Rf7 26. Ng5 Rff8 27. Ne6 Rf7
28. Nxg7 Rxg7 29. Bd4 e5 30. fxe5 dxe5 31. Be3 Nh4 32. Kh1 Rxg2 33. Rg1 Rxg1+
34. Rxg1+ Ng6 35. h4 f4 36. Bf2 Kh8 37. Bf3 Rg8 38. h5 Ne7 39. Rxg8+ Nxg8 40.
Ne4 Ndf6 41. Nxf6 Nxf6 42. Bh4 Ne8 43. h6 Qb6 44. d6 Qxd6 45. Qxd6 Nxd6 46. Bd5
Ne8 47. Kg2 e4 48. Be1 1-0

[Event "2BLO 1920 Erfurter SK - MSA Zugzwang"]
[Site "?"]
[Date "2021.08.08"]
[Round "10.7"]
[White "Eichler, Christoph"]
[Black "Troyke, Christian"]
[Result "1/2-1/2"]
[WhiteElo "2297"]
[BlackElo "2317"]
[PlyCount "40"]
[EventDate "2021.??.??"]

1. e4 c5 2. Nf3 g6 3. d4 Bg7 4. d5 d6 5. Bd3 Nf6 6. O-O O-O 7. Re1 Na6 8. h3
Nc7 9. a4 b6 10. Nc3 e6 11. dxe6 Nxe6 12. Bc4 Bb7 13. Ng5 Nd4 14. Nd5 h6 15.
Nf3 Re8 16. Nxd4 cxd4 17. Nxf6+ Qxf6 18. Bd3 d5 19. exd5 Bxd5 20. Bd2 Rxe1+
1/2-1/2

[Event "2BLO 1920 Erfurter SK - MSA Zugzwang"]
[Site "?"]
[Date "2021.08.08"]
[Round "10.8"]
[White "Brueggemann, Joachim"]
[Black "Tebelmann, Lars"]
[Result "1-0"]
[WhiteElo "2296"]
[BlackElo "2027"]
[PlyCount "111"]
[EventDate "2021.??.??"]

1. e4 e6 2. d4 d5 3. Nc3 Bb4 4. e5 c5 5. a3 Bxc3+ 6. bxc3 Qa5 7. Bd2 Qa4 8. Qb1
c4 9. h4 Ne7 10. h5 h6 11. g3 Nbc6 12. Bh3 Bd7 13. Ne2 O-O-O 14. Nf4 Rdf8 15.
Qb2 Qa5 16. a4 Qc7 17. Qa3 g5 18. hxg6 Nxg6 19. Bg2 Nxf4 20. Bxf4 Qa5 21. Kf1
Qd8 22. Rxh6 Rxh6 23. Bxh6 Rg8 24. a5 Rg6 25. Bf4 Rg8 26. Ke2 Ne7 27. Rb1 Bc6
28. Qc5 Kb8 29. Bf3 Ka8 30. Bc1 Bd7 31. Bh5 Be8 32. Qd6 Qxd6 33. exd6 Nc6 34.
a6 b6 35. d7 Bxd7 36. Bxf7 Rf8 37. Bh5 Bc8 38. Ba3 Rh8 39. Rh1 Bxa6 40. g4 Bc8
41. Re1 Bd7 42. Kf3 b5 43. Bc5 Kb7 44. Kf4 Kc7 45. Kg5 Rg8+ 46. Kf6 e5 47. dxe5
Bxg4 48. Bf7 Rd8 49. Rg1 Bf3 50. Rg7 Kb8 51. Rg3 Be4 52. f3 Bxc2 53. Bd6+ Kc8
54. Be6+ Kb7 55. Rg7+ Ka6 56. Bxd5 1-0

[Event "2BLO 1920 Nickelhütte Aue - FC Bayern M"]
[Site "?"]
[Date "2021.08.08"]
[Round "10.1"]
[White "Belezky, Alexander"]
[Black "Prohaszka, Peter"]
[Result "1/2-1/2"]
[WhiteElo "2377"]
[BlackElo "2570"]
[PlyCount "105"]
[EventDate "2021.??.??"]

1. e4 c6 2. Nc3 d5 3. Nf3 dxe4 4. Nxe4 Nf6 5. Qe2 Nxe4 6. Qxe4 Be6 7. Bc4 Bd5
8. Qe2 Bxc4 9. Qxc4 e6 10. O-O Be7 11. Qb3 Qb6 12. d3 c5 13. Qxb6 axb6 14. d4
Nc6 15. dxc5 bxc5 16. c3 f6 17. Rd1 Kf7 18. Kf1 Rhd8 19. Rxd8 Rxd8 20. Ke2 g5
21. Be3 Ra8 22. a3 b5 23. Rd1 Ke8 24. Nd2 f5 25. g3 Ne5 26. Bxg5 Bxg5 27. f4
Bxf4 28. gxf4 Ng6 29. Nb3 Ra4 30. Nxc5 Rxf4 31. Rd4 e5 32. Rxf4 Nxf4+ 33. Kd2
Ke7 34. a4 bxa4 35. Nxa4 e4 36. b4 Nd3 37. Ke3 Kd6 38. Nb6 Nb2 39. Kf4 Ke6 40.
h3 h6 41. b5 h5 42. c4 h4 43. Nd5 Nxc4 44. b6 Nd6 45. Ne3 Kd7 46. Ng2 Kc6 47.
Nxh4 Kxb6 48. Nxf5 Nxf5 49. Kxe4 Nh4 50. Kf4 Kc6 51. Kg5 Ng2 52. h4 Nxh4 53.
Kxh4 1/2-1/2

[Event "2BLO 1920 Nickelhütte Aue - FC Bayern M"]
[Site "?"]
[Date "2021.08.08"]
[Round "10.2"]
[White "Antal, Gergely"]
[Black "Schenk, Andreas"]
[Result "1-0"]
[WhiteElo "2562"]
[BlackElo "2429"]
[PlyCount "137"]
[EventDate "2021.??.??"]

1. e4 c6 2. Nf3 d5 3. d3 g6 4. e5 Bg7 5. d4 Nh6 6. Bd3 f6 7. O-O O-O 8. exf6
exf6 9. c4 Be6 10. Re1 Qd7 11. Qb3 dxc4 12. Bxc4 Bxc4 13. Qxc4+ Qf7 14. Na3 Nd7
15. Qb4 b6 16. Qd6 Qd5 17. Qxd5+ cxd5 18. Nb5 Rfd8 19. Bxh6 Bxh6 20. Nc7 Rac8
21. Nxd5 Rc2 22. Rab1 Kf8 23. Nc3 Re8 24. Kf1 Rxe1+ 25. Nxe1 Rd2 26. Nf3 Rc2
27. a4 f5 28. Ne1 Rd2 29. Nf3 Rc2 30. Nd5 Kf7 31. b3 Ke6 32. Nb4 Rc3 33. Na2
Rc2 34. Re1+ Kd6 35. Re2 Rc8 36. Ke1 Nf6 37. Ne5 Kd5 38. Nb4+ Kxd4 39. Nf3+ Kc3
40. Rc2+ Kxb3 41. Rxc8 Kxb4 42. Rc7 a5 43. Rf7 Nd5 44. Rxh7 Bf8 45. Rd7 Nc3 46.
Rb7 Nxa4 47. Ne5 Kb3 48. Nxg6 Bb4+ 49. Kf1 Nc5 50. Rxb6 a4 51. Nf4 a3 52. Ne2
Nd3 53. Nd4+ Kb2 54. Ra6 Bc5 55. Nxf5 Nxf2 56. Nd6 a2 57. Nc4+ Kb1 58. Ke2 Ng4
59. h3 Nh6 60. g4 Bb4 61. Na3+ Kb2 62. Nc2 Kxc2 63. Rxa2+ Kc3 64. Ke3 Kc4 65.
Ra1 Nf7 66. Rc1+ Kb5 67. h4 Be7 68. Re1 Nd6 69. Kd4 1-0